Biology : (Record no. 11951)

MARC details
000 -LEADER
fixed length control field 01063nam a2200325 4500
001 - CONTROL NUMBER
control field 1169387
005 - DATE AND TIME OF LATEST TRANSACTION
control field 20150803155611.0
007 - PHYSICAL DESCRIPTION FIXED FIELD--GENERAL INFORMATION
fixed length control field 000
008 - FIXED-LENGTH DATA ELEMENTS--GENERAL INFORMATION
fixed length control field 000
010 ## - LIBRARY OF CONGRESS CONTROL NUMBER
LC control number 96137935
020 ## - INTERNATIONAL STANDARD BOOK NUMBER
International Standard Book Number 0815138466
035 ## - SYSTEM CONTROL NUMBER
System control number (OCoLC)34535634
040 ## - CATALOGING SOURCE
Original cataloging agency UOEL
Transcribing agency InIVT
Modifying agency DLC
042 ## - AUTHENTICATION CODE
Authentication code lccopycat
050 04 - LIBRARY OF CONGRESS CALL NUMBER
Classification number QH308.2
Item number .A57 1996
082 00 - DEWEY DECIMAL CLASSIFICATION NUMBER
Classification number 574
Edition number 20
100 1# - MAIN ENTRY--PERSONAL NAME
Personal name Alters, Sandra.
245 10 - TITLE STATEMENT
Title Biology :
Remainder of title understanding life /
Statement of responsibility, etc Sandra Alters.
250 ## - EDITION STATEMENT
Edition statement 2nd ed.
260 ## - PUBLICATION, DISTRIBUTION, ETC. (IMPRINT)
Place of publication, distribution, etc St. Louis :
Name of publisher, distributor, etc Mosby,
Date of publication, distribution, etc c1996.
300 ## - PHYSICAL DESCRIPTION
Extent xxxiv, 845 p. :
Other physical details ill. (some col.), col. maps ;
Dimensions 28 cm.
500 ## - GENERAL NOTE
General note Previous ed. has title: Biology today.
504 ## - BIBLIOGRAPHY, ETC. NOTE
Bibliography, etc Includes bibliographical references and index.
650 #0 - SUBJECT ADDED ENTRY--TOPICAL TERM
Topical term or geographic name as entry element Biology.
General subdivision Natural history (General). Biology (General)
Topical term or geographic name as entry element Human biology.
General subdivision Natural history (General). Biology (General)
700 1# - ADDED ENTRY--PERSONAL NAME
Personal name Alters, Sandra.
Title of a work Biology today.
906 ## - LOCAL DATA ELEMENT F, LDF (RLIN)
a 7
b cbc
c copycat
d 2
e ncip
f 19
g y-gencatlg
942 ## - ADDED ENTRY ELEMENTS (KOHA)
Source of classification or shelving scheme Library of Congress Classification
Item type Short Loan for 1 day
Holdings
Withdrawn status Lost status Source of classification or shelving scheme Damaged status Not for loan Home library Current library Shelving location Date acquired Total Checkouts Full call number Barcode Date last seen Copy number Price effective from Koha item type
    Library of Congress Classification     UOE Main Library UOE Main Library Short Loan Area 03/08/2015   QH308.2 .A57 1996 20151529 27/04/2026 20151529 03/08/2015 Short Loan for 1 day